000 00440nam a2200181Ia 4500
001 11109
003 IN-NITTTR
005 20251114233103.0
008 251113s9999||||xx |||||||||||||| ||eng||
040 _beng
040 _cIN-NITTTR
041 _aeng
082 _a025.17 A35D
100 _aAsheim, Lester
245 0 _aDifferentiating the media /
_cAsheim, Lester, Fenwick, Sara I.
700 _a Fenwick, Sara I.
942 _2ddc
_cBK
999 _c13745
_d13745